Historia de España
保存先:
| 第一著者: | |
|---|---|
| フォーマット: | 図書 |
| 言語: | スペイン語 |
| 出版事項: |
Zaragoza
Ebro
1972
|
| 版: | 5a. ed |
| シリーズ: | Clásicos Españoles
|
| 主題: | |
| タグ: |
タグ追加
タグなし, このレコードへの初めてのタグを付けませんか!
|
MARC
| LEADER | 00000nam a2200000 a 4500 | ||
|---|---|---|---|
| 001 | UCQ7144 | ||
| 003 | CL-VaPUC | ||
| 008 | 981031e19720000SP |||||||||||||||||spa|d | ||
| 082 | 0 | 4 | |a 946 |b MAR |2 21 |
| 100 | |a Mariana, Juan de |e autor |9 321846 | ||
| 245 | 1 | 0 | |a Historia de España |
| 250 | |a 5a. ed | ||
| 300 | |a 128 p | ||
| 942 | |c BK | ||
| 945 | |d 19981031 00:00:00 |a crobeson | ||
| 260 | |a Zaragoza |b Ebro |c 1972 | ||
| 650 | 0 | |a Historia de España |9 315435 | |
| 651 | 0 | |a España |9 254926 | |
| 583 | |a last modification |c 19981031 00:00:00 |k Rodrigo Vera | ||
| 490 | 0 | |a Clásicos Españoles | |
| 999 | |c 276905 |d 276903 | ||
| 952 | |0 0 |1 0 |4 0 |6 946_000000000000000_MAR_1972 |7 0 |8 A |9 314510 |a BIBEDU |b BIBEDU |d 2019-11-20 |i 148690K |o 946 MAR 1972 |p 148690K |r 2019-11-20 |w 2019-11-20 |y BK |k LIT | ||